01267cam a22003011 4500001001300000003000400013005001700017008004100034010001700075035001900092040005200111043001200163050002100175051001700196082001300213086001600226100005300242245019500295260004800490300007800538490004700616504003800663650004700701650005200748650005800800700004900858810005800907gs 51000102 DLC20260227111357.0780307s1950 dcua f000 0 eng c ags 51000102  a(OCoLC)3693239 aU.S. Geol. Survey. Libr.cUSlWdISSdOCoLCdDLC an-us-ca00aQE75b.P9 no.222 aQE90.S17bW6 a560.97940 aI 19.16:2221 aWoodring, W. P.q(Wendell Phillips),d1891-1983.10aGeology and paleontology of the Santa Maria District, California,cby W. P. Woodring and M. N. Bramlette. Including a summary of the geologic features of producing and potential oil fields. aWashington,bU.S. Govt. Print. Off.,c1950. aiv, 185 p.billus., plates (1 in pocket) fold. maps (1 in pocket)c29 cm.1 aGeological Survey professional paper,v222 a"Annotated bibliography": p. 4-7. 0aGeologyzCaliforniazSanta Barbara County. 0aPaleontologyzCaliforniazSanta Barbara County. 0aPetroleumxGeologyzCaliforniazSanta Barbara County.1 aBramlette, M. N.q(Milton Nunn),d1896-1977.2 aGeological Survey (U.S.).tProfessional paper ;v222.